000 00892 a2200169 4500
003 Nust
005 20221208121230.0
040 _cNust
082 _a621.382,MIT
245 _aMicroelectronics Analog Communications Handbook /
_cMitel
250 _aIssue. 7
260 _bMitel
_c1990
_aCanada
300 _avarious paging,
505 _aGeneral Information (Page-1), Analog Switches (Page-2), DTMF Signaling Components (Page-3), Line and Trunk Interfaces (Page-4-1), Modems and Support Components (Page-5), Custom Hybrids (Page-6), Digital Switches (Page-7), Primary Rate Interfaces (Page-8), Basic Rate Interfaces (Page-9), Rate Adaptors (Page-10), Codec and Digital Phone Components (Page-11), ST-BUS Support Components (Page-12), Software (Page-13), Development Products (Page-14), Application Notes (Page-15).
650 _aTelecommunications engineering.
_958485
942 _2ddc
_cBK
999 _c189180
_d189180